| Tag |
First Indicator |
Second Indicator |
Subfields |
| LEADER |
00000cam a2200000 a 4500 |
| 001 |
in00000511142 |
| 005 |
20151013070051.0 |
| 008 |
821207s1982 laua 00010 eng d |
| 020 |
|
|
|a 0934114404
|
| 035 |
|
|
|a (OCoLC)09026958
|
| 035 |
|
|
|9 ACD9884AM
|
| 040 |
|
|
|a MMA
|c MMA
|d TXA
|d UtOrBLW
|
| 049 |
|
|
|a TXAM
|c [444740]
|
| 090 |
|
|
|a VK405
|b .B5 1982
|
| 100 |
1 |
|
|a Block, Richard A.
|
| 245 |
1 |
0 |
|a Able seaman (all grades) and lifeboatman /
|c Richard A. Block, editor ; Daniel W. Hall ; Thomas F. Zee, consultant [s].
|
| 250 |
|
|
|a Rev. ed. "E".
|
| 264 |
|
1 |
|a Houma, La. :
|b Marine Education Textbooks,
|c [1982]
|
| 264 |
|
4 |
|c ©1982
|
| 300 |
|
|
|a 1 volume (various paging) :
|b illustrations ;
|c 28 cm.
|
| 336 |
|
|
|a text
|b txt
|2 rdacontent
|
| 337 |
|
|
|a unmediated
|b n
|2 rdamedia
|
| 338 |
|
|
|a volume
|b nc
|2 rdacarrier
|
| 650 |
|
0 |
|a Merchant marine
|z United States
|x Examinations, questions, etc.
|
| 650 |
|
0 |
|a Seamanship
|v Examinations, questions, etc.
|
| 999 |
|
|
|a MARS
|
| 999 |
f |
f |
|s 260ad4f7-3016-31c6-b036-f246f95c7b57
|i 1173662e-df23-33fd-bf42-ab54de6c3d86
|t 0
|
| 952 |
f |
f |
|p ric
|a Texas A&M University
|b Rellis Campus
|c Joint Library Facility
|d Remote Storage
|t 0
|e VK405 .B5 1982
|h Library of Congress classification
|i unmediated -- volume
|m A14807838362
|
| 998 |
f |
f |
|a VK405 .B5 1982
|t 0
|l Remote Storage
|